| 000 | 00423 a2200157 4500 | ||
|---|---|---|---|
| 005 | 20250602155139.0 | ||
| 020 | _a1-292-15665-1 | ||
| 082 | _a658.45 THI | ||
| 100 | _aTHILL, J. V. | ||
| 245 | _aExcellence in Business Communication. | ||
| 250 | _a12th Ed. | ||
| 260 |
_aNew York, _bPearson Education LTD, _c2017. |
||
| 300 |
_a671p.: ill.; figure, picture, table _bIndex _c28cm |
||
| 700 | _aBOVEE, C. L. | ||
| 942 |
_2ddc _cBKS |
||
| 999 |
_c3042 _d3042 |
||